Do kostola, či do obchodu?

Charakteristické črty spotrebiteľov na slovenskom trhu. Vzťah obchodníka a zamestnanca. Negatíva zamestnanosti v nedeľu a vo sviatok.

Gespeichert in:
Bibliographische Detailangaben
1. Verfasser: Štensová, Antónia
Weitere Verfasser: Vokounová, Dana, 1962-
Format: Buchkapitel
Sprache:Slowakisch
Schlagworte:
Tags: Tag hinzufügen
Keine Tags, Fügen Sie das erste Tag hinzu!

MARC

LEADER 00000naa a2200000 4500
001 r045269
005 20231004100149.4
041 0 |a slo 
044 |a CZ 
245 1 0 |a Do kostola, či do obchodu?  |c Antónia Štensová, Dana Vokounová 
520 |a Charakteristické črty spotrebiteľov na slovenskom trhu. Vzťah obchodníka a zamestnanca. Negatíva zamestnanosti v nedeľu a vo sviatok. 
610 2 0 |a obchod 
610 2 0 |a spotrebitelia 
610 2 0 |a marketing 
610 2 0 |a zamestnávatelia 
610 2 0 |a práca nadčasová 
610 2 0 |a práca nočná 
610 2 0 |a práca vo sviatok 
100 1 |a Štensová, Antónia 
700 1 |a Vokounová, Dana, 1962-